000 00493nam a2200181 4500
001 9877
021 _aPT
090 _a9877
100 _a20160906 frey50
101 _apor
102 _aPT
200 _aRomance D'A pedra do reino do vai-e-volta
_dromance armorial-popular brasileiro
_fAriano Suassuna
210 _aRio de Janeiro
_cLivraria José Olympio
_d1971
215 _a635 p.
_d21 cm
300 _aOferta de Ana Rente
600 _aSuassuna
_bAriano
801 _aPT
_gRPC
990 _cLIVROS